[Event "Skilling Open CCT 2021"]
[Site "Online"]
[Date "2020.11.19"]
[Round "3.3"]
[White "Le, Quang Liem"]
[Black "Ding, Liren"]
[Result "1/2-1/2"]
[WhiteElo "2744"]
[BlackElo "2836"]
[Annotator "TA"]
[PlyCount "64"]
[EventDate "2020.11.20"]
[EventType "tourn"]
[EventCountry "NET"]
[Tiebreak "Koya+Number of black wins+Number of wins"]
[SourceTitle "playchess.com"]
[Source "ChessBase"]
[SourceQuality "1"]

{[%evp 17,64,6,8,8,9,0,0,0,0,0,0,-10,-10,-9,-9,-22,18,7,7,7,7,7,7,7,7,7,7,18,
94,0,0,0,0,0,0,0,0,0,0,0,0,0,0,0,0,0,0,0,0]} 1. d4 Nf6 2. c4 e6 3. Nf3 b6 4. g3
Ba6 5. b3 Bb4+ 6. Bd2 Be7 7. Bg2 O-O 8. Nc3 c6 9. e4 d5 $1 10. exd5 {E15:
Queen's Indian: 4 g3 sidelines, 4 g3 Ba6 and 4 g3 Bb7 early deviations.} cxd5
11. Ne5 Bb7 12. O-O Nc6 13. cxd5 Nxe5 {[#]} 14. d6 $146 ({Predecessor:} 14.
dxe5 Nxd5 15. Nxd5 Bxd5 16. Be3 Bxg2 17. Qxd8 Rfxd8 18. Kxg2 Rd5 19. f4 Bc5 20.
Bxc5 Rxc5 {1/2-1/2 (32) Werle,J (2551)-Wojtaszek,R (2744) Novi Sad 2016}) 14...
Nc6 ({Don't go for} 14... Qxd6 $2 15. dxe5 (15. Bxb7 Qxd4 16. Bxa8 Rxa8 $11)
15... Qxe5 16. Bxb7 $18) 15. dxe7 Qxe7 16. Bg5 Rfd8 (16... h6 $5 {[%cal Rh6g5]}
17. Bxf6 Qxf6 $11) 17. d5 h6 18. Bxf6 Qxf6 19. dxc6 Rxd1 20. Rfxd1 Bxc6 21.
Bxc6 Rc8 22. Ne4 Qe5 {[#]} (22... Qf3 $11 23. Bb7 Rb8) 23. Rac1 (23. Bb7 $1 $16
{[%cal Rb7c8]} Rc2 24. Rac1 Rxa2 25. Nd6) 23... Rxc6 $1 $11 {[%mdl 64] Remove
Defender. The position is equal.} 24. Rxc6 {Strongly threatening Nc3.} Qxe4 {
[%mdl 4096] Endgame KQ-KRR} 25. Rc8+ Kh7 26. Rc7 Qe2 27. Rdd7 Qe1+ 28. Kg2 Qe4+
29. Kf1 Qb1+ 30. Kg2 Qe4+ 31. Kf1 Qb1+ 32. Kg2 Qe4+ {Weighted Error Value:
White=0.07/Black=0.09} 1/2-1/2